000 02232cam a22004094i 4500
003 PE-LiUPU
005 20250731175631.0
008 150625s r 000 0 d
035 _a(Sirsi) a30455
040 _aPE-LiUPU
_bspa
_cPE-LiUPU
_erda
100 1 _aCervantes Ibarrola, Salvador,
_eautor.
245 1 0 _aGramática Latina /
_cSalvador Cervantes Ibarrola.
250 _a4a
264 1 _aLima :
_bSesator,
_c1989.
300 _a198 páginas ;
_c21 cm.
336 _atext
_2rdacontent
337 _aunmediated
_2rdamedia
338 _avolume
_2rdacarrier
500 _aLa biblioteca también posee la 3a. edición de 1982.
505 0 _aLatín. - Pronunciación. - Oración, sus elementos. - Casos. - Declinación. - Primera declinación. - Concordancia del adjetivo calificativo. - Verbo ESSE. - Adjetivos. - Grados del adjetivo. - Comparativos y superlativos irregulares. - Adjetivos numerales. - Cuarta declinación. - Quinta declinación. - Pronombres personales. - Pronombres demostrativos. - Pronombre relativo, su concordancia. - Formación de los tiempos. - Compuestos del verbo ESSE. - Voz pasiva, su estructura. - Adverbios. - Grados del adverbio. - Preposiciones. - Complementos circunstanciales de lugar. - Uso de los casos. - Vocabulario castellano. - Vocabulario latín - castellano.
526 _aP145
526 _aP127
526 _aP97
526 _aP35
526 _aP14
526 _aP07
650 0 4 _aLatín
_xGramática.
910 _bszc
942 _2ddc
_cBOOK
949 _a475 C45
_wDEWEY
_c1
_i30851
_lCCODEBUL1
_mBUL
_p00.00
_r0
_sY
_tBOOK
_u2015-06-25
_xBIBLIOTECA
_zUNKNOWN
_0COMPRA
_o.STAFF. Colección General
949 _a475 C45
_wDEWEY
_c2
_i23546
_lCCODEBUL1
_mBUL
_p00.00
_r0
_sY
_tBOOK
_u2015-06-25
_xBIBLIOTECA
_zUNKNOWN
_0COMPRA
_o.STAFF. Colección General
596 _a1
999 _a475 C45
_wDEWEY
_c37901
_i30851
_d37901
_e2019-10-28
_f2021-11-5
_g5
_lCCODEBUL1
_mBUL
_n10
_q2
_r0
_sN
_tBOOK
_u2015-6-25
_xBIBLIOTECA
_zUNKNOWN
_0COMPRA
_o.STAFF. Colección General
999 _a475 C45
_wDEWEY
_c2
_i23546
_f2021-11-5
_g5
_lCCODEBUL1
_mBUL
_r0
_sN
_tBOOK
_u2015-6-25
_xBIBLIOTECA
_zUNKNOWN
_0COMPRA
_o.STAFF. Colección General
980 _81
_gALBERTO SANCHEZ Responsable de Automatización